Normal view
MARC view
- Anthropology.
Entry Topical Term
001 - CONTROL NUMBER
- control field: 46639
003 - CONTROL NUMBER IDENTIFIER
- control field: OSt
005 - DATE AND TIME OF LATEST TRANSACTION
- control field: 20221104185503.0
008 - FIXED-LENGTH DATA ELEMENTS
- fixed length control field: 221104|| aca||aabn | a|a d
040 ## - CATALOGING SOURCE
- Original cataloging agency: OSt
- Transcribing agency: OSt
150 ## - HEADING--TOPICAL TERM
- Topical term or geographic name entry element: Anthropology.
670 ## - SOURCE DATA FOUND
- Source citation: Work cat.: (OSt): Kottak, Conrad Phillip. 46638, Cultural anthropology /, ©2022.
